| 000 | 00526nam a2200181 a 4500 | ||
|---|---|---|---|
| 005 | 20210223121100.0 | ||
| 008 | 991125s1897 lon 000 0 spa u | ||
| 035 | _aUPN01000011896 | ||
| 049 | _aCE | ||
| 050 | 4 | _aHF5721 B6.2 | |
| 100 | 1 | _aBoedo Yáñez, Juan | |
| 245 | 1 | 0 |
_aCorrespondencia comercial : _bcartas escogidas / _cpor Juan Boedo Yáñez |
| 260 |
_aLondres : _bHirschfeld, _c1897 |
||
| 300 | _a120 p | ||
| 440 | 0 | _aManuales de bolsillo de Hossfeld | |
| 650 | 4 |
_aCORRESPONDENCIA COMERCIAL _911148 |
|
| 905 | _aLibro | ||
| 999 |
_c11896 _d11896 |
||